Statistiques concernant Ligne P du Transilien : les Gares

Cliquez ici pour prendre le quiz!

Statistiques générales

  • Ce quiz a été pris 16 fois
  • Le résultat moyen est 22 sur 36

Statistiques - réponses

CorrespondanceGare% Correct
RER EChelles - Gournay
88%
Coulommiers
88%
Esbly
88%
M 4, 5 et 7, TERGare de l'Est
88%
Meaux
88%
Provins
88%
TERChâteau-Thierry
75%
Crécy-la-Chapelle
75%
La Ferté-Milon
75%
TERLa Ferté-sous-Jouarre
75%
Lagny - Thorigny
75%
RER ETournan
75%
Trilport
75%
Vaires - Torcy
75%
Chézy-sur-Marne
63%
Crouy-sur-Ourcq
63%
Lizy-sur-Ourcq
63%
TERLongueville
63%
Sainte-Colombe-Septveilles
63%
Villiers - Montbarbin
63%
Champbenoist - Poigny
50%
Couilly - Saint-Germain - Quincy
50%
Mareuil-sur-Ourcq
50%
Nangis
50%
Verneuil-l'Étang
50%
Changis - Saint-Jean
38%
Faremoutiers - Pommeuse
38%
Guérard - La Celle-sur-Morin
38%
Marles-en-Brie
38%
Montry - Condé
38%
Mormant
38%
Mortcerf
38%
Mouroux
38%
Nanteuil - Saâcy
38%
Nogent-l'Artaud - Charly
38%
Isles - Armentières - Congis
25%

Distribution des résultats

Percentile par nombre de réponses

% des personnes avec chaque résultat

Votre développement - résultats

Vous n’avez pas pris ce quiz